[Event "Vienna Chess Open 2013"]
[Site "Großer Festsaal im Wiener Rat"]
[Date "2013.08.17"]
[Round "1.28"]
[White "Thoma, Wilhelm"]
[Black "Blechzin, Igor"]
[Result "1-0"]
[WhiteElo "2428"]
[BlackElo "2085"]
[PlyCount "108"]
[EventDate "2013.??.??"]

1. d4 Nf6 2. Nf3 g6 3. c4 Bg7 4. Nc3 O-O 5. e4 d6 6. Be2 e5 7. O-O Nbd7 8. d5
a5 9. Bg5 h6 10. Bh4 Nc5 11. Nd2 Qe8 12. Nb5 Qd7 13. f3 Nh5 14. Qc2 Nf4 15.
Rfe1 Nxg2 16. Kxg2 Qh3+ 17. Kh1 Qxh4 18. Nxc7 Rb8 19. Nb5 Qe7 20. Rg1 h5 21.
Nb3 b6 22. Nxc5 bxc5 23. Qd2 Ra8 24. Qg5 Qxg5 25. Rxg5 Bh6 26. Rgg1 Be3 27.
Rgd1 Ra6 28. Rd3 Bf4 29. Kg2 h4 30. Ra3 Kg7 31. Nc7 Rb6 32. Nb5 Rh8 33. Rxa5
Kf6 34. Ra7 Be3 35. a4 Rh5 36. f4 h3+ 37. Kf1 Rh7 38. a5 Rb8 39. Nxd6 exf4 40.
Rc7 Rxb2 41. Nxc8 f3 42. Bxf3 Rxh2 43. Ke1 Ke5 44. Rc6 Kf4 45. Rf6+ Ke5 46. a6
Rh8 47. Rc6 Rg2 48. Ra3 Kd4 49. Nd6 Rg1+ 50. Ke2 Rg2+ 51. Bxg2 hxg2 52. Rd3+
Ke5 53. Nxf7+ Kf4 54. Rf6+ Kxe4 1-0

[Event "Vienna Chess Open 2013"]
[Site "Großer Festsaal im Wiener Rat"]
[Date "2013.08.17"]
[Round "1.29"]
[White "Sanal, Vahap"]
[Black "Schnabel, Andreas"]
[Result "1/2-1/2"]
[WhiteElo "2084"]
[BlackElo "2421"]
[PlyCount "86"]
[EventDate "2013.??.??"]

1. e4 c5 2. Nf3 d6 3. d4 cxd4 4. Nxd4 Nf6 5. Nc3 g6 6. Be3 Bg7 7. f3 O-O 8. Qd2
Nc6 9. O-O-O Qa5 10. h4 Nxd4 11. Bxd4 Be6 12. a3 Rfc8 13. g4 Rab8 14. h5 b5 15.
hxg6 fxg6 16. g5 Nh5 17. Bxg7 Kxg7 18. Qd4+ Kg8 19. Nd5 Rb7 20. Bd3 Rc5 21. f4
Bxd5 22. exd5 b4 23. a4 Qxa4 24. Rxh5 gxh5 25. g6 h6 26. Bf5 Rxc2+ 27. Bxc2 Rc7
28. b3 Qxb3 29. Qb2 Qe3+ 30. Kb1 Qxf4 31. Qd4 Qxd4 32. Rxd4 a5 33. Rf4 Rc3 34.
Kb2 Re3 35. Rf7 Re2 36. Kc1 h4 37. Rf3 Re1+ 38. Kd2 Re5 39. Bb3 Kg7 40. Rf4
Kxg6 41. Rxh4 Kg5 42. Rh1 h5 43. Kd3 Kf4 {Ke4+} 1/2-1/2

[Event "Vienna Chess Open 2013"]
[Site "Großer Festsaal im Wiener Rat"]
[Date "2013.08.17"]
[Round "1.30"]
[White "Pisu, Robert Daniel"]
[Black "Zeller, Frank"]
[Result "0-1"]
[WhiteElo "2419"]
[BlackElo "2082"]
[PlyCount "64"]
[EventDate "2013.??.??"]

1. d4 Nf6 2. Nf3 c5 3. g3 cxd4 4. Nxd4 e5 5. Nb3 a5 6. a4 d5 7. Bg2 Bb4+ 8. Bd2
Nc6 9. O-O h6 10. Bxb4 axb4 11. N1d2 O-O 12. e4 d4 13. h3 Qb6 14. Nc1 Be6 15.
Nd3 Nd7 16. f4 f6 17. f5 Bf7 18. Rf3 Na5 19. b3 Rfc8 20. g4 Rc3 21. h4 Rac8 22.
Rc1 Nc5 23. Bf1 Nxd3 24. Bxd3 Nxb3 25. Nxb3 Bxb3 26. g5 Bxc2 27. Bxc2 d3+ 28.
Kh1 Rxc2 29. Rb1 d2 30. Kg2 Qd4 31. gxf6 Qxe4 32. fxg7 R8c3 0-1

[Event "Vienna Chess Open 2013"]
[Site "Großer Festsaal im Wiener Rat"]
[Date "2013.08.17"]
[Round "1.31"]
[White "Guido, Flavio"]
[Black "Zühlke, Burkhard"]
[Result "1-0"]
[WhiteElo "2081"]
[BlackElo "2418"]
[PlyCount "67"]
[EventDate "2013.??.??"]

1. e4 d6 2. d4 Nf6 3. Nc3 g6 4. Be3 c6 5. Qd2 b5 6. Bd3 Nbd7 7. Nf3 e5 8. O-O
Bg7 9. dxe5 dxe5 10. a4 b4 11. Ne2 Qe7 12. c3 a5 13. cxb4 axb4 14. Rfc1 Bb7 15.
a5 c5 16. a6 Bc6 17. Qc2 O-O 18. Bxc5 Nxc5 19. Qxc5 Qxc5 20. Rxc5 Bxe4 21. Bxe4
Nxe4 22. Rc4 f5 23. Rxb4 Rfd8 24. h3 Nc5 25. a7 Nd3 26. Rb7 Bf8 27. Ng5 Bc5 28.
Ne6 Bxf2+ 29. Kf1 Nc5 30. Nxd8 Nxb7 31. Nxb7 Rxa7 32. Rxa7 Bxa7 33. Nd8 Kg7 34.
Nc6 1-0

[Event "Vienna Chess Open 2013"]
[Site "Großer Festsaal im Wiener Rat"]
[Date "2013.08.17"]
[Round "1.32"]
[White "Blaha, Petr"]
[Black "Dastan, M.Batuhan"]
[Result "0-1"]
[WhiteElo "2417"]
[BlackElo "2080"]
[PlyCount "131"]
[EventDate "2013.??.??"]

1. d4 d5 2. Nf3 Nf6 3. c4 c6 4. cxd5 cxd5 5. Nc3 Nc6 6. e3 a6 7. h3 Bf5 8. a3
e6 9. Bd3 g6 10. Qc2 Rc8 11. Bd2 Bd6 12. Rc1 b5 13. Bxf5 gxf5 14. Qd3 Ne4 15.
Ke2 h5 16. Ne1 Rg8 17. Nxe4 fxe4 18. Qb3 f5 19. a4 b4 20. Qd1 Na5 21. b3 Rxc1
22. Bxc1 Qc7 23. Bd2 Nc4 24. Kf1 Nxd2+ 25. Qxd2 Qc3 26. Qxc3 bxc3 27. Ke2 h4
28. Rg1 f4 29. exf4 Bxf4 30. b4 Bh2 31. Rh1 Bd6 32. b5 axb5 33. axb5 Kd7 34.
Nc2 Rxg2 35. Ne3 Rg8 36. Ra1 Rb8 37. Rb1 Ra8 38. Kd1 Ra2 39. Rb3 Rxf2 40. Rxc3
Rb2 41. Nc2 Rxb5 42. Ke2 Rb1 43. Ne3 Rb4 44. Nc2 Rb2 45. Ke3 Rb1 46. Ke2 Rh1
47. Rb3 Rh2+ 48. Kd1 Bf4 49. Rc3 Rh1+ 50. Ke2 Rc1 51. Kf2 Bd6 52. Ke2 Bb4 53.
Kd2 Bxc3+ 54. Kxc1 Kc6 55. Kd1 Kb5 56. Ke2 Kc4 57. Ne3+ Kxd4 58. Ng2 Kc4 59.
Nxh4 Bf6 60. Ng2 d4 61. h4 Kc3 62. Nf4 Kc2 63. Nxe6 d3+ 64. Ke3 d2 65. Nd4+
Bxd4+ 66. Kxe4 0-1

[Event "Vienna Chess Open 2013"]
[Site "Großer Festsaal im Wiener Rat"]
[Date "2013.08.17"]
[Round "1.33"]
[White "Hendriks, Willy"]
[Black "König, Dirk"]
[Result "1-0"]
[WhiteElo "2080"]
[BlackElo "2417"]
[PlyCount "41"]
[EventDate "2013.??.??"]

1. e4 d6 2. d4 Nf6 3. Nc3 g6 4. Bg5 h6 5. Bh4 Bg7 6. Qd2 c6 7. f4 Qc7 8. Bd3 a5
9. Nf3 b6 10. O-O Ba6 11. Rae1 e6 12. e5 Nd5 13. Ne4 dxe5 14. fxe5 O-O 15. c4
Nb4 16. Be2 c5 17. Nf6+ Kh8 18. Bg5 cxd4 19. Bxh6 Rd8 20. Qg5 d3 21. Qh4 1-0

[Event "Vienna Chess Open 2013"]
[Site "Großer Festsaal im Wiener Rat"]
[Date "2013.08.17"]
[Round "1.34"]
[White "Marty, Brice"]
[Black "Manik, Mikulas"]
[Result "0-1"]
[WhiteElo "2413"]
[BlackElo "2080"]
[PlyCount "68"]
[EventDate "2013.??.??"]

1. d4 Nf6 2. c4 g6 3. Nc3 Bg7 4. e4 d6 5. Nf3 O-O 6. Be2 e5 7. O-O exd4 8. Nxd4
Re8 9. f3 c6 10. Nc2 Nh5 11. g4 Nf6 12. Bg5 h6 13. Bf4 h5 14. g5 Nh7 15. h4 f6
16. Qxd6 Qb6+ 17. Be3 Qxb2 18. Bd4 Qxc2 19. Rac1 Bf8 20. Qg3 Qb2 21. gxf6 Kf7
22. Rb1 Qa3 23. Qc7+ Nd7 24. e5 Bc5 25. Rfd1 Rxe5 26. Ne4 Bxd4+ 27. Rxd4 Qe3+
28. Kf1 Qxd4 29. Nd6+ Kxf6 30. Nxc8 Rxc8 31. Qxc8 Nhf8 32. Rd1 Qxh4 33. Qd8+
Re7 34. Re1 Ke5 0-1

[Event "Vienna Chess Open 2013"]
[Site "Großer Festsaal im Wiener Rat"]
[Date "2013.08.17"]
[Round "1.35"]
[White "Ali Marandi, Cemil Can"]
[Black "Chovanec, Vladimir"]
[Result "1/2-1/2"]
[WhiteElo "2079"]
[BlackElo "2407"]
[PlyCount "133"]
[EventDate "2013.??.??"]

1. e4 e6 2. Nf3 d5 3. Nc3 d4 4. Ne2 c5 5. Ng3 Nc6 6. Bb5 Bd7 7. O-O h5 8. d3
Be7 9. Bxc6 Bxc6 10. Ne5 Nf6 11. f4 Qc7 12. Bd2 b6 13. Nxc6 Qxc6 14. Qe2 h4 15.
Nh1 Nh5 16. Nf2 Qc7 17. e5 g6 18. Ne4 Kf8 19. c3 dxc3 20. Bxc3 Ng7 21. Rad1 Rd8
22. Nd6 Rh5 23. Ne4 Nf5 24. g4 hxg3 25. hxg3 Nd4 26. Qg2 Nb5 27. g4 Rh8 28. Qf3
Nxc3 29. bxc3 Rh7 30. Kg2 Kg7 31. Rh1 Rdh8 32. Rxh7+ Rxh7 33. Rf1 Kg8 34. Ng3
Rh4 35. Rf2 b5 36. Re2 b4 37. cxb4 cxb4 38. f5 exf5 39. gxf5 Bg5 40. f6 Qc8 41.
Re4 Qh3+ 42. Kf2 Qh2+ 43. Qg2 Rf4+ 44. Rxf4 Qxg2+ 45. Kxg2 Bxf4 46. Ne4 Bxe5
47. Kf3 Bd4 48. Nd6 Bxf6 49. Ke4 a5 50. d4 a4 51. Nb5 a3 52. Kd3 b3 53. Nxa3
bxa2 54. Nc2 g5 55. Kc3 g4 56. Kb2 g3 57. Ne1 Bxd4+ 58. Kxa2 f5 59. Kb3 f4 60.
Kc4 Ba7 61. Kd3 Kf7 62. Ke4 Bb8 63. Kf3 Ke6 64. Kg2 Kf5 65. Nf3 Ke4 66. Ng5+
Ke3 67. Nf3 1/2-1/2

[Event "Vienna Chess Open 2013"]
[Site "Großer Festsaal im Wiener Rat"]
[Date "2013.08.17"]
[Round "1.36"]
[White "Hesse, Maximilian"]
[Black "Wallner, Joachim"]
[Result "0-1"]
[WhiteElo "2407"]
[BlackElo "2076"]
[PlyCount "40"]
[EventDate "2013.??.??"]

1. c4 Nf6 2. g3 e5 3. Bg2 d5 4. cxd5 Nxd5 5. Nc3 Nb6 6. Nf3 Nc6 7. O-O Be7 8.
d3 O-O 9. a3 Be6 10. b4 f6 11. Bb2 a5 12. b5 Na7 13. Nd2 c6 14. a4 Qd7 15. Nb3
Bb4 16. bxc6 Nxc6 17. Ne4 Qe7 18. Bc3 Bxc3 19. Nxc3 Qb4 20. Ne4 Bxb3 0-1

[Event "Vienna Chess Open 2013"]
[Site "Großer Festsaal im Wiener Rat"]
[Date "2013.08.18"]
[Round "2.1"]
[White "Wagener, Claude"]
[Black "Sokolov, Ivan"]
[Result "0-1"]
[WhiteElo "2656"]
[BlackElo "2235"]
[PlyCount "76"]
[EventDate "2013.??.??"]

1. e4 e5 2. Nf3 Nc6 3. Bc4 d6 4. c3 f5 5. d3 f4 6. b4 Qf6 7. a4 Be7 8. a5 a6 9.
Bb2 g5 10. Na3 g4 11. Nd2 Qg6 12. Qb3 Nf6 13. O-O-O Nd8 14. Qc2 h5 15. Rhe1 h4
16. d4 Nf7 17. Bd3 g3 18. fxg3 fxg3 19. h3 Nh5 20. Nf3 Nf4 21. c4 Ng5 22. Nxg5
Qxg5 23. Kb1 c5 24. bxc5 dxc5 25. d5 O-O 26. Ka1 Bd6 27. Bf1 Bd7 28. Nb1 Rab8
29. Nd2 Ng6 30. Be2 Rf2 31. Bf3 Nf4 32. Rg1 Rf8 33. Qc3 Ba4 34. Rdf1 Nxh3 35.
Rh1 Rxf1+ 36. Nxf1 Nf2 37. Rg1 Be8 38. Ne3 Bg6 0-1

[Event "Vienna Chess Open 2013"]
[Site "Großer Festsaal im Wiener Rat"]
[Date "2013.08.18"]
[Round "2.2"]
[White "Fier, Alexandr"]
[Black "Van Ketel, Raoul"]
[Result "1-0"]
[WhiteElo "2241"]
[BlackElo "2595"]
[PlyCount "119"]
[EventDate "2013.??.??"]

1. c4 e6 2. Nc3 Nf6 3. e4 d5 4. cxd5 exd5 5. e5 d4 6. exf6 dxc3 7. Qe2+ Be6 8.
dxc3 Qxf6 9. Qb5+ Nd7 10. Qxb7 Qe5+ 11. Ne2 Bd5 12. Qb5 Bc5 13. Bf4 Qe6 14.
O-O-O O-O 15. Nd4 Bxd4 16. Rxd4 Qe1+ 17. Rd1 Qxf2 18. Bxc7 Qe3+ 19. Kb1 Be4+
20. Bd3 Nc5 21. Bxe4 Qxe4+ 22. Ka1 Ne6 23. Bd6 Rfd8 24. Rhg1 Rac8 25. Qd5 Qa4
26. Qf3 h6 27. Rgf1 Rd7 28. b3 Qa6 29. Bb4 Rcd8 30. Rxd7 Rxd7 31. Rd1 Rxd1+ 32.
Qxd1 Qc6 33. Qd2 Qe4 34. Bd6 h5 35. Kb2 Qf5 36. a4 Ng5 37. Bb8 a6 38. b4 Ne4
39. Qd4 Qg4 40. Kb3 Qxg2 41. Bf4 Qf3 42. Be3 Qf5 43. c4 Nf6 44. Kb2 Qf1 45. b5
Qe2+ 46. Ka3 axb5 47. axb5 Qf3 48. Kb4 Ng4 49. Bd2 Nxh2 50. Bc3 Qg2 51. b6 Nf3
52. Qd8+ Kh7 53. Qd5 h4 54. b7 Qg3 55. Qxf7 h3 56. Qh5+ Kg8 57. Qe8+ Kh7 58.
b8=Q Qxb8+ 59. Qxb8 h2 60. Bxg7 1-0

[Event "Vienna Chess Open 2013"]
[Site "Großer Festsaal im Wiener Rat"]
[Date "2013.08.18"]
[Round "2.3"]
[White "Boric, Elena"]
[Black "Buhmann, Rainer"]
[Result "0-1"]
[WhiteElo "2583"]
[BlackElo "2231"]
[PlyCount "72"]
[EventDate "2013.??.??"]

1. e4 e6 2. d4 d5 3. exd5 exd5 4. Bd3 c5 5. dxc5 Bxc5 6. Qe2+ Ne7 7. Nf3 Nbc6
8. O-O O-O 9. c3 Bf5 10. Be3 Bxd3 11. Qxd3 Bxe3 12. Qxe3 Re8 13. Qd2 Ng6 14.
Na3 Qd7 15. Nc2 Rad8 16. Ncd4 Re4 17. Rfe1 Rde8 18. Nxc6 bxc6 19. Rxe4 Rxe4 20.
Re1 Qe6 21. h3 h6 22. Rxe4 dxe4 23. Nd4 Qxa2 24. Nxc6 Qb1+ 25. Kh2 Qd3 26. Qe3
Qd6+ 27. g3 Qxc6 28. Qxa7 f5 29. h4 Qd5 30. Qc7 Kh7 31. c4 Qd4 32. Kg2 e3 33.
fxe3 Qxb2+ 34. Kh3 Qb1 35. Kg2 Qc2+ 36. Kh3 Qe4 0-1

[Event "Vienna Chess Open 2013"]
[Site "Großer Festsaal im Wiener Rat"]
[Date "2013.08.18"]
[Round "2.4"]
[White "Shengelia, David"]
[Black "Swicarz, Maciej"]
[Result "1-0"]
[WhiteElo "2238"]
[BlackElo "2565"]
[PlyCount "57"]
[EventDate "2013.??.??"]

1. d4 f5 2. c4 Nf6 3. g3 g6 4. Bg2 Bg7 5. Nc3 O-O 6. Nh3 d6 7. d5 Nbd7 8. O-O
Nc5 9. Be3 e5 10. dxe6 Nxe6 11. Nf4 c6 12. Qb3 Qe7 13. Rad1 Ng4 14. Bc1 Ne5 15.
Qb4 Rd8 16. b3 a5 17. Qa3 a4 18. Nxe6 Bxe6 19. Nxa4 c5 20. Bf4 Nxc4 21. bxc4
Bxc4 22. Bxd6 Qxe2 23. Qxc5 Rxa4 24. Rfe1 Qxa2 25. Qc7 Bf6 26. Be5 Rxd1 27.
Rxd1 Qe2 28. Rd8+ Bxd8 29. Qg7# 1-0

[Event "Vienna Chess Open 2013"]
[Site "Großer Festsaal im Wiener Rat"]
[Date "2013.08.18"]
[Round "2.5"]
[White "Münch, Ingo"]
[Black "Novikov, Stanislav"]
[Result "0-1"]
[WhiteElo "2545"]
[BlackElo "2220"]
[PlyCount "72"]
[EventDate "2013.??.??"]

1. e4 g6 2. d4 Bg7 3. Nc3 c6 4. Nf3 d6 5. h3 Nd7 6. a4 Qc7 7. Be3 Ngf6 8. Qd2
O-O 9. Bh6 b6 10. Be2 e5 11. Bxg7 Kxg7 12. O-O Bb7 13. Rad1 Rfe8 14. dxe5 dxe5
15. Qe3 a6 16. Nd2 b5 17. Bd3 Nf8 18. Nb3 Ne6 19. Nc5 Nxc5 20. Qxc5 Nd7 21. Qe3
Nf8 22. Ne2 c5 23. c3 c4 24. Bc2 Ne6 25. axb5 axb5 26. Ra1 Red8 27. b4 Rd6 28.
Rxa8 Bxa8 29. Qc1 Qd8 30. Ng3 h5 31. Re1 Nf4 32. Qe3 Qg5 33. Qf3 Rd2 34. Bb1
Nd3 35. Rf1 h4 36. Ne2 f5 0-1

[Event "Vienna Chess Open 2013"]
[Site "Großer Festsaal im Wiener Rat"]
[Date "2013.08.18"]
[Round "2.6"]
[White "Shchekachev, Andrei"]
[Black "Albadri, Abd Alsattar"]
[Result "1/2-1/2"]
[WhiteElo "2233"]
[BlackElo "2527"]
[PlyCount "36"]
[EventDate "2013.??.??"]

1. Nf3 Nf6 2. c4 g6 3. Nc3 Bg7 4. e4 d6 5. d4 O-O 6. Be2 e5 7. Be3 exd4 8. Nxd4
Re8 9. f3 Nc6 10. Qd2 Nh5 11. Nxc6 bxc6 12. g4 Nf6 13. O-O-O Be6 14. Bh6 Bh8
15. h4 Qb8 16. h5 Qb4 17. hxg6 fxg6 18. e5 Nd7 1/2-1/2

[Event "Vienna Chess Open 2013"]
[Site "Großer Festsaal im Wiener Rat"]
[Date "2013.08.18"]
[Round "2.7"]
[White "Hawkins, Jonathan"]
[Black "Houska, Jiri"]
[Result "1/2-1/2"]
[WhiteElo "2220"]
[BlackElo "2521"]
[PlyCount "67"]
[EventDate "2013.??.??"]

1. d4 Nf6 2. c4 g6 3. Nc3 Bg7 4. e4 d6 5. f3 O-O 6. Be3 c5 7. Nge2 Nc6 8. d5
Ne5 9. Ng3 e6 10. Be2 exd5 11. cxd5 a6 12. a4 Bd7 13. h3 b5 14. f4 Nc4 15. Bxc4
bxc4 16. O-O Re8 17. Qf3 Rb8 18. e5 Rxb2 19. exf6 Qxf6 20. Rac1 Qh4 21. Bf2
Rxf2 22. Rxf2 Bd4 23. Nge4 f5 24. Qg3 Qd8 25. Ng5 Re3 26. Qh4 Qe7 27. Nb1 Re1+
28. Rxe1 Qxe1+ 29. Kh2 h5 30. Ne6 Bxe6 31. Qd8+ Kg7 32. Qe7+ Kh6 33. Qg5+ Kh7
34. Qe7+ 1/2-1/2

[Event "Vienna Chess Open 2013"]
[Site "Großer Festsaal im Wiener Rat"]
[Date "2013.08.18"]
[Round "2.8"]
[White "Mitchell, Martin"]
[Black "Stanec, Nikolaus"]
[Result "1/2-1/2"]
[WhiteElo "2516"]
[BlackElo "2215"]
[PlyCount "109"]
[EventDate "2013.??.??"]

1. d4 Nf6 2. c4 c5 3. d5 e6 4. Nc3 exd5 5. cxd5 d6 6. e4 g6 7. Bd3 Bg7 8. Nge2
O-O 9. O-O a6 10. a4 Nbd7 11. h3 Re8 12. Ng3 h5 13. Bg5 Qc7 14. Qd2 c4 15. Bc2
Rb8 16. a5 Nc5 17. e5 dxe5 18. d6 Qc6 19. Bxf6 Bxf6 20. Nge4 Nxe4 21. Nxe4 Re6
22. Rfd1 Bd7 23. Ba4 Qxa4 24. Rxa4 Bxa4 25. Nc5 Bxd1 26. Qxd1 Ree8 27. Nd7 Kg7
28. Nxb8 Rxb8 29. Qd5 b6 30. axb6 Rxb6 31. d7 Rb8 32. Qd6 Rd8 33. Kf1 e4 34.
Qc7 Kf8 35. Ke2 Ke7 36. Qc5+ Kxd7 37. Qxc4 Ke7 38. Qxa6 Rd6 39. Qb7+ Kf8 40. b4
Kg7 41. Qc7 Re6 42. Qd7 Bc3 43. Ke3 Rf6 44. b5 Be1 45. Kxe4 Bxf2 46. Qc7 Re6+
47. Kf3 Bb6 48. Qc3+ Kg8 49. Qc8+ Kg7 50. Qc3+ Kg8 51. g4 hxg4+ 52. hxg4 Bg1
53. Qc8+ Kg7 54. Qc3+ Kg8 55. Qc8+ 1/2-1/2

[Event "Vienna Chess Open 2013"]
[Site "Großer Festsaal im Wiener Rat"]
[Date "2013.08.18"]
[Round "2.9"]
[White "Krivoborodov, Egor"]
[Black "Persson, Mats"]
[Result "1-0"]
[WhiteElo "2218"]
[BlackElo "2502"]
[PlyCount "81"]
[EventDate "2013.??.??"]

1. e4 e5 2. Nf3 d6 3. d4 exd4 4. Nxd4 Nf6 5. Nc3 Be7 6. g3 O-O 7. Bg2 Nc6 8.
O-O Bg4 9. f3 Bd7 10. Be3 Nxd4 11. Qxd4 Bc6 12. Rad1 Nd7 13. Nd5 Bf6 14. Nxf6+
Qxf6 15. Qxf6 Nxf6 16. Bd4 Rfe8 17. Rfe1 Nd7 18. Kf2 f6 19. Bf1 a5 20. g4 Ne5
21. h4 h6 22. h5 Nd7 23. Re3 b6 24. Rc3 Nc5 25. b3 Bb7 26. a3 Re7 27. Bb5 Kf8
28. Be3 Ne6 29. Bc4 Ng5 30. Kg3 Ra7 31. Rf1 Ra8 32. Bxg5 hxg5 33. Rh1 Re5 34.
b4 axb4 35. axb4 c5 36. Rd3 Rd8 37. Rd2 cxb4 38. h6 gxh6 39. Rxh6 d5 40. Rh8+
Ke7 41. Rh7+ 1-0

[Event "Vienna Chess Open 2013"]
[Site "Großer Festsaal im Wiener Rat"]
[Date "2013.08.18"]
[Round "2.10"]
[White "Rombaldoni, Denis"]
[Black "Wittmann, Walter"]
[Result "0-1"]
[WhiteElo "2214"]
[BlackElo "2496"]
[PlyCount "70"]
[EventDate "2013.??.??"]

1. d4 d5 2. Bf4 Nf6 3. e3 g6 4. c4 Bg7 5. Nc3 c6 6. h3 O-O 7. Nf3 Qa5 8. Qd2
Nbd7 9. a3 c5 10. b4 cxb4 11. Nb5 dxc4 12. Nc7 c3 13. Qa2 e5 14. Nxa8 exf4 15.
axb4 Qxb4 16. Bd3 fxe3 17. fxe3 a6 18. Kf2 Qd6 19. e4 Nh5 20. e5 Nxe5 21. dxe5
Qxd3 22. Nc7 Nf4 23. Rad1 Qf5 24. g4 Nd3+ 25. Kg2 Qe4 26. Nd5 Nxe5 27. Qf2
Qxf3+ 28. Qxf3 Nxf3 29. Kxf3 Be6 30. Nb6 Bh6 31. Rdg1 Bd2 32. Ke2 Rd8 33. Rd1
Bb3 34. Rb1 Bc2 35. Ra1 Re8+ 0-1

[Event "Vienna Chess Open 2013"]
[Site "Großer Festsaal im Wiener Rat"]
[Date "2013.08.18"]
[Round "2.11"]
[White "Ramondino, Renzo"]
[Black "Petrov, Marijan"]
[Result "1-0"]
[WhiteElo "2489"]
[BlackElo "2205"]
[PlyCount "87"]
[EventDate "2013.??.??"]

1. Nf3 g6 2. c4 Bg7 3. d4 c5 4. d5 d6 5. Nc3 Nf6 6. e4 e6 7. h3 O-O 8. Bd3 Na6
9. O-O Nc7 10. Re1 Rb8 11. Bg5 h6 12. Be3 exd5 13. cxd5 Re8 14. Qd2 g5 15. a3
Nd7 16. Rac1 b6 17. Ne2 Nf8 18. Ng3 Ng6 19. Nh5 Ba6 20. Bb1 Re7 21. Nxg5 hxg5
22. Bxg5 Ne8 23. Nxg7 Kxg7 24. Bxe7 Qxe7 25. Rc3 Nf6 26. Rg3 Rh8 27. f4 Nh5 28.
Rg4 Nf6 29. Rg5 Rh5 30. e5 dxe5 31. Rexe5 Rxg5 32. Rxe7 Rxd5 33. Qe1 Nxe7 34.
Qxe7 Rd1+ 35. Kh2 Rxb1 36. Qe5 Bd3 37. Qg5+ Bg6 38. f5 Rxb2 39. fxg6 fxg6 40.
Qe5 Rf2 41. Qe3 Rf5 42. g4 Nd5 43. Qe2 Rf6 44. Qe5 1-0

[Event "Vienna Chess Open 2013"]
[Site "Großer Festsaal im Wiener Rat"]
[Date "2013.08.18"]
[Round "2.12"]
[White "Kim, Alexey"]
[Black "Skacelik, Petr"]
[Result "1-0"]
[WhiteElo "2210"]
[BlackElo "2477"]
[PlyCount "103"]
[EventDate "2013.??.??"]

1. e4 c5 2. Nf3 d6 3. d4 cxd4 4. Nxd4 Nf6 5. Nc3 a6 6. Be2 g6 7. Be3 Bg7 8. a4
Bd7 9. O-O O-O 10. Nb3 Nc6 11. f4 Be6 12. Bf3 Rc8 13. Kh1 Bxb3 14. cxb3 Qa5 15.
Rf2 Rfd8 16. Rd2 Qc7 17. Qg1 Qb8 18. a5 e5 19. f5 Re8 20. Ra4 Nd7 21. Nd5 Nd4
22. fxg6 hxg6 23. Bxd4 exd4 24. Bg4 Rcd8 25. Bxd7 Rxd7 26. Raxd4 Bxd4 27. Qxd4
Re6 28. Nf6+ Rxf6 29. Qxf6 Qc7 30. Qc3 Qd8 31. h3 Qe7 32. Qd4 Rc7 33. Kh2 Rc6
34. b4 Qe6 35. Qd5 Qf6 36. Kg3 Qe7 37. h4 Qc7 38. Rf2 Rc4 39. h5 gxh5 40. Rf4
Rxb4 41. Qg5+ Kf8 42. Qh6+ Kg8 43. Qxh5 Rb5 44. Qh6 d5 45. Kh3 Qxf4 46. Qxf4
dxe4 47. Qxe4 Kg7 48. b4 Kf6 49. g4 Kg7 50. Kh4 f6 51. Qe7+ Kg6 52. Qf8 1-0

[Event "Vienna Chess Open 2013"]
[Site "Großer Festsaal im Wiener Rat"]
[Date "2013.08.18"]
[Round "2.13"]
[White "Hechl, Gerald"]
[Black "Sipila, Vilka"]
[Result "0-1"]
[WhiteElo "2474"]
[BlackElo "2203"]
[PlyCount "78"]
[EventDate "2013.??.??"]

1. c4 b6 2. d4 Bb7 3. d5 e6 4. a3 Nf6 5. Nc3 exd5 6. cxd5 Bd6 7. g3 Be5 8. Bg2
O-O 9. Nh3 Na6 10. O-O c6 11. Nf4 Re8 12. Be3 Qe7 13. Rc1 Nc7 14. dxc6 dxc6 15.
Qa4 b5 16. Qb3 Ng4 17. Ne4 Nxe3 18. fxe3 Na6 19. Kh1 c5 20. Nd5 Bxd5 21. Qxd5
Rad8 22. Qb3 Rb8 23. Qd5 Bxb2 24. Ng5 Bf6 25. Ne4 Be5 26. Rf5 g6 27. Rg5 Kh8
28. h4 f6 29. Rxe5 Qxe5 30. Qc6 Re6 31. Qd7 Re7 32. Qc6 Qe6 33. Nd6 Rb6 34.
Qa8+ Kg7 35. Nb7 Qxe3 36. Rd1 Qxg3 37. Bd5 Rxe2 38. Qg8+ Kh6 39. Qf8+ Kh5 0-1

[Event "Vienna Chess Open 2013"]
[Site "Großer Festsaal im Wiener Rat"]
[Date "2013.08.18"]
[Round "2.14"]
[White "Akesson, Ralf"]
[Black "van Overdam, Jan"]
[Result "1-0"]
[WhiteElo "2202"]
[BlackElo "2455"]
[PlyCount "43"]
[EventDate "2013.??.??"]

1. Nf3 c5 2. c4 Nf6 3. Nc3 Nc6 4. d4 cxd4 5. Nxd4 d5 6. cxd5 Nxd5 7. Nxc6 bxc6
8. Bd2 Nb6 9. g3 Be6 10. Bg2 Bd5 11. Nxd5 cxd5 12. Bc3 e6 13. e4 Qc7 14. Rc1
Qc4 15. exd5 Rd8 16. b3 Qa6 17. Bf1 Qb7 18. Bb5+ Nd7 19. Qe2 Qxd5 20. O-O Rb8
21. Ba4 Rb7 22. Rfd1 1-0

[Event "Vienna Chess Open 2013"]
[Site "Großer Festsaal im Wiener Rat"]
[Date "2013.08.18"]
[Round "2.16"]
[White "Szadkowski, Kamil"]
[Black "Poetsch, Hagen"]
[Result "0-1"]
[WhiteElo "2446"]
[BlackElo "2200"]
[PlyCount "72"]
[EventDate "2013.??.??"]

1. e4 c5 2. Nf3 a6 3. c3 d5 4. exd5 Qxd5 5. d4 e6 6. Be3 cxd4 7. cxd4 Nf6 8. a3
Be7 9. Nc3 Qd8 10. Bd3 b5 11. O-O Bb7 12. Rc1 O-O 13. Ng5 Nbd7 14. a4 h6 15.
Nge4 b4 16. Nxf6+ Nxf6 17. Ne2 Qa5 18. Nf4 Bd6 19. Bc4 Qf5 20. Qd3 Be4 21. Qd2
e5 22. dxe5 Qxe5 23. f3 Bb7 24. g3 Rfe8 25. Bd4 Qg5 26. Bxf6 Qxf6 27. Nd5 Bc5+
28. Kg2 Qd6 29. Rfd1 Re5 30. Nf4 Qf6 31. Qd7 Re7 32. Qg4 Qxb2+ 33. Kh1 Rae8 34.
Nd5 Re2 35. Qh5 R2e5 36. Nf6+ Kh8 0-1

[Event "Vienna Chess Open 2013"]
[Site "Großer Festsaal im Wiener Rat"]
[Date "2013.08.18"]
[Round "2.17"]
[White "Kauch, Markus"]
[Black "Broekmeulen, Jasper"]
[Result "0-1"]
[WhiteElo "2443"]
[BlackElo "2195"]
[PlyCount "64"]
[EventDate "2013.??.??"]

1. b3 Nf6 2. Bb2 g6 3. Bxf6 exf6 4. c4 Bg7 5. Nc3 f5 6. g3 d6 7. Bg2 Nd7 8. e3
O-O 9. Nge2 Nf6 10. Rc1 Re8 11. d3 Rb8 12. O-O a6 13. b4 Bd7 14. Qb3 c6 15. a4
Be6 16. Nf4 g5 17. Nxe6 fxe6 18. b5 h5 19. Rfe1 h4 20. gxh4 g4 21. Ne2 Nh5 22.
Ng3 Qxh4 23. d4 Rf8 24. Qd3 f4 25. Nxh5 Qxh5 26. exf4 Rxf4 27. Qe3 e5 28. bxc6
bxc6 29. Bxc6 Rbf8 30. Rc2 Rxd4 31. Qg3 Bh6 32. Re4 Bf4 0-1

[Event "Vienna Chess Open 2013"]
[Site "Großer Festsaal im Wiener Rat"]
[Date "2013.08.18"]
[Round "2.18"]
[White "Kizilkaya, MehmetT"]
[Black "Drozdowski, Kacper"]
[Result "1/2-1/2"]
[WhiteElo "2437"]
[BlackElo "2194"]
[PlyCount "141"]
[EventDate "2013.??.??"]

1. e4 c5 2. Nf3 e6 3. d4 cxd4 4. Nxd4 a6 5. Bd3 Nf6 6. Nc3 d6 7. a4 g6 8. O-O
Bg7 9. a5 O-O 10. Nb3 Nc6 11. Bd2 d5 12. Qc1 Re8 13. Re1 d4 14. Na4 Nd7 15. f4
e5 16. f5 Nf6 17. Nb6 Rb8 18. Nxc8 Rxc8 19. Rf1 Qd6 20. Qe1 Ne7 21. fxg6 hxg6
22. Qh4 Nh5 23. Bg5 Rc7 24. Rf3 Nc6 25. Raf1 Nd8 26. g4 Nf4 27. Bxf4 exf4 28.
Rxf4 Re5 29. R4f3 Ne6 30. Nd2 Qb4 31. R3f2 Rxa5 32. b3 g5 33. Qg3 Be5 34. Qf3
Qe7 35. Nc4 Rac5 36. Nb6 Nf4 37. Bc4 R5c6 38. Nd5 Qd8 39. h4 b5 40. Nxc7 Qxc7
41. Bd3 gxh4 42. Kh1 Rg6 43. Rg1 Rg5 44. Bf1 Ng6 45. Qd1 Nf4 46. Qd2 Rg6 47. g5
Nh5 48. Rg4 Ng3+ 49. Kg1 d3 50. Bxd3 Bd4 51. Qf4 Qxf4 52. Rgxf4 Rxg5 53. Kh2
Bxf2 54. Rxf2 a5 55. Kh3 Re5 56. Rf4 Nh5 57. Rxh4 a4 58. bxa4 bxa4 59. Kg4 a3
60. Rh1 Ra5 61. Ra1 Ng7 62. Kf3 Ne6 63. Ke3 Kg7 64. Kd2 Nc5 65. Kc3 Ra4 66. e5
a2 67. Bc4 Ne4+ 68. Kd3 Nc5+ 69. Kd4 Ne6+ 70. Kc3 Ra5 71. Rxa2 1/2-1/2

[Event "Vienna Chess Open 2013"]
[Site "Großer Festsaal im Wiener Rat"]
[Date "2013.08.18"]
[Round "2.20"]
[White "Fröwis, Georg"]
[Black "Gstach, Jakob"]
[Result "1/2-1/2"]
[WhiteElo "2195"]
[BlackElo "2432"]
[PlyCount "73"]
[EventDate "2013.??.??"]

1. g3 g6 2. Bg2 Bg7 3. d4 Nf6 4. e4 d6 5. Ne2 O-O 6. O-O e5 7. h3 Re8 8. Nbc3
c6 9. a4 exd4 10. Nxd4 Nbd7 11. Re1 Nc5 12. Kh2 a5 13. Bf4 Nh5 14. Be3 Nf6 15.
f3 h5 16. Bg5 Ng4+ 17. fxg4 Qxg5 18. Nf3 Qe7 19. gxh5 gxh5 20. Nh4 Qg5 21. Nf3
Qh6 22. Nh4 Be5 23. Nf3 h4 24. Nxe5 hxg3+ 25. Kxg3 dxe5 26. Qc1 Qh5 27. Kh2 Ne6
28. Re3 Nf4 29. Rg3+ Kh7 30. Qe3 Be6 31. Rg1 Rg8 32. Bf3 Qh6 33. Bg4 Bxg4 34.
Rxg4 Rxg4 35. Rxg4 Rg8 36. Rxg8 Kxg8 37. Ne2 1/2-1/2